Island Decoder - Statistics

General Stats
  • This quiz has been taken 40 times
  • The average score is 17 of 21
Answer Stats
Letter Hint Answer % Correct
I Neighboring island of Great Britain Ireland
96%
T "Republic of China" Taiwan
96%
T Island off the bottom coast of Australia Tasmania
96%
C Largest Greek island Crete
93%
E The Galapagos Islands are owned by this country Ecuador
93%
H Island Split by the Dominican Republic and Haiti Hispaniola
93%
E Canadian Provence Prince {Edward} Island
93%
S Largest island in the Mediterranean Sea Sicily
93%
D Greenland is an island owned by this country Denmark
89%
N Smallest island country by size Nauru
89%
N Saint Kitts and ____ {Nevis}
89%
L Most populated island of the Philippines Luzon
85%
N Island where the city Auckland can be found North
81%
L Island extending out from New York into the Atlantic Ocean Long Island
78%
O Most populated island of the US State Hawaii Oahu
78%
T Archipelago at the southern tip of South America {Tierra} del Fuego
78%
A The capital of Madagascar Antananarivo
74%
A Socotra is an island in this sea(Hint: Named for a peninsula) Arabian Sea
59%
N The second largest island by size in the world New Guinea
52%
I Known as the most peaceful country in the world Iceland
48%
Decoded Answer: Australia
30%
No matching quizzes found
Score Distribution
Percent of People with Each Score
Percentile by Number Answered
Your Score History
You have not taken this quiz